Open Data Biblioteca Nacional de Portugal


República Portuguesa: Ministério da Cultura
Biblioteca Nacional de Portugal

Catálogo da BNP: acesso por Identificadores Unívocos
Registos Bibliográficos associados ao registo de autoridade

Etiqueta de registo: 00000nkm 2200025 450
001 2248130
003 http://id.bnportugal.gov.pt/bib/catbnp/2248130
100 ## $a20260115d1997 m y0pory01030103ba
101 0# $apor
102 ## $aPT
200 1# $aReabertura do cine-teatro de Elvas, novembro e dezembro,$bVisual gráfico]$fCâmara Municipal de Elvas$fGADICE - Grupo de Apoio e Dinamização Cultural de Elvas
210 #9 $aElvas$cCâmara Municipal de Elvas; GADICE - Grupo de Apoio e Dinamização Cultural de Elvas,$d[D.L. 1997]$eElvas :$gLinhas de Elvas - Empresa Gráfica, Lda.)
215 ## $a1 cartaz$ccolor.$d51x35,1 cm
675 ## $a766(=1:469)»199"(084.5)$vBN$zpor$31975740
710 02 $aGADICE - Grupo de Apoio e Dinamização Cultural de Elvas$eElvas$31978565
711 01 $aElvas.$bCâmara Municipal$36356
801 #0 $aPT$bBN$gRPC
966 ## $lBN$mICONOG$sCT. 12314 V.$x1
971 ## $cCaticonografia9$d20260115
995 ## $aPRR2026 $d20260115$iCaticonografia9

OpendataBNP@bnportugal.pt | Mais informação sobre acesso aos dados BNP